00705nam 2200217u 4500001000800000005001700008008004100025035002100066906004500087010001700132040001900149050001600168245003800184260004200222300002000264650005400284730003600338700004000374991003900414099003400453949328200000000000000.0810428s1974 xx 000 0 eng  9(DLC) 75764500 a0bcbccpremunvduencipf19gy-gencatlg a 75764500  aDLCcCarPdDLC00aMT580b.B4204aThe Beatles for classical guitar  aNew York : Music Sales Corp.,c[1974] a8 : p. ; 28 cm. 0aGuitarxInstruction and study. [from old catalog] aThe Beatles. [from old catalog]1 aWashington, Joe. [from old catalog] bc-MusichMT580i.B42tCopy 1wPREM awashington-beatles-1071956125